000 01480nam a2200445 i 4500
001 24917
003 KOSZ 005
005 20200416141317.0
008 980702s1995 pl |000 0 pol
015 _aUWD 1996/7675
020 _a8386333677
035 _a991004117179705066
035 _a(PL-WaBN)b11092920-48omnis_nlop
035 _ab11092920
035 _a(OCoLC)835231642
035 _a(PL)b0000001109292
035 _a(EXLNZ-48OMNIS_NETWORK)9910393777505606
040 _aWA N
_cWA N
_dKOSZ 005/AR
041 _apol
080 _a519.2
100 1 _aBurdzy, Janina
_eAutor
245 1 0 _a300 zadań z rachunku prawdopodobieństwa /
_cJanina Burdzy ; Politechnika Lubelska.
246 3 _aTrzysta zadań z rachunku prawdopodobieństwa
250 _a(Wznowienie).
260 _aLublin :
_bWydawnictwa Uczelniane Politechniki Lubelskiej,
_c1995
300 _a119 stron ;
_c24 cm.
336 _2rdacontent
_btxt
_aTekst
337 _aBez urządzenia pośredniczącego
_bn
_2rdamedia
338 _aWolumin
_bnc
_2rdacarrier
380 _aKsiążki
388 _a1901-2000
388 _a1989-2000
504 _aBibliografia na stronie 119.
650 7 _aRachunek prawdopodobieństwa
_2DBN
655 7 _aĆwiczenia i zadania dla szkół wyższych
_2DBN
658 _aMatematyka
856 _uhttp://koha.tu.koszalin.pl/cgi-bin/koha/opac-detail.pl?biblionumber=24917
_yKatalog online BPK
942 _2UKD
_cKS
999 _c24917
_d24917